Statistiques concernant Acteurs ayant interprété le rôle d'Inspecteur de Police au cinéma ou à la TV

Cliquez ici pour prendre le quiz!

Statistiques générales

  • Ce quiz a été pris 128 fois
    (121 depuis la dernière actualisation)
  • Le résultat moyen est 8 sur 16

Statistiques - réponses

InspecteurPrénomNom de l'acteur% Correct
Harry CallahanClintEastwood
93%
ColomboPeterFalk
87%
René Boiron dans Les ripouxPhilippeNoiret
87%
La BavureColuche
81%
Clouseau dans La panthère rosePeterSellers
65%
Lavardin dans Poulet au vinaigreJeanPoiret
62%
KojakTellySavalas
61%
Javert dans les Misérables (1958)BernardBlier
58%
Javert dans les Misérables (1981)MichelBouquet
48%
Javert dans les Misérables (2000)JohnMalkovich
46%
Hercule PoirotDavidSuchet
35%
Javert dans les Misérables (1934)CharlesVanel
35%
DerrickHorstTappert
33%
Leclerc (années 60 à la TV)PhilippeNicaud
8%
BarnabyNeilDudgeon
5%
MorseShaunEvans
5%

Distribution des résultats

Percentile par nombre de réponses

% des personnes avec chaque résultat

Votre développement - résultats

Vous n’avez pas pris ce quiz depuis la dernière actualisation